[Event "110th ch-GBR 2024"]
[Site "Hull ENG"]
[Date "2024.07.29"]
[Round "3.14"]
[White "Dicen, Elis Denele"]
[Black "Han, Yichen"]
[Result "0-1"]
[WhiteTitle "WCM"]
[BlackTitle "IM"]
[WhiteElo "2060"]
[BlackElo "2414"]
[WhiteFideId "462560"]
[BlackFideId "1054430"]
[EventDate "2024.07.27"]

1. e4 e5 2. Nf3 Nc6 3. d4 exd4 4. Nxd4 Qf6 5. Be3 Bc5 6. c3 Qg6 7. Nd2 Nf6 8. h4
h5 9. Nf5 Bxe3 10. Nxe3 d6 11. Qc2 d5 12. exd5 Qxc2 13. Nxc2 Nxd5 14. O-O-O O-O
15. Nf3 Nf6 16. Bb5 Ne7 17. Ne3 Ng6 18. Ng5 c6 19. Be2 Nf4 20. Rd2 Nxe2+ 21.
Rxe2 Bd7 22. g3 Rae8 23. Rhe1 b5 24. Nc2 Rd8 25. Rd2 Rfe8 26. Rxe8+ Rxe8 27. Ne3
Re7 28. Kc2 g6 29. Re2 c5 30. b3 Bc6 31. Rd2 Kg7 32. a3 Ng4 33. Nd1 Bb7 34. Nh3
Be4+ 35. Kc1 Bf5 36. Nf4 Re1 37. Re2 Rh1 38. Kd2 Nh2 39. Re7 Nf3+ 40. Kc1 Bg4
41. Kc2 Nxh4 42. Ne3 Nf5 43. Nxf5+ Bxf5+ 44. Kd2 g5 45. Nd5 Be6 46. Nc7 Bxb3 47.
Re5 Kg6 48. Rxc5 h4 49. gxh4 gxh4 50. Ke2 h3 51. f4 h2 52. Rg5+ Kh6 53. Rg2 Bc4+
54. Kf2 Rf1+ 55. Kg3 h1=Q 56. f5 Kg5 57. Rf2 Rg1+ 58. Rg2 Qxg2# 0-1

[Event "110th ch-GBR 2024"]
[Site "Hull ENG"]
[Date "2024.07.29"]
[Round "3.16"]
[White "Grieve, Harry"]
[Black "Shearsby, Jude"]
[Result "1-0"]
[WhiteTitle "IM"]
[WhiteElo "2477"]
[BlackElo "2130"]
[WhiteFideId "426520"]
[BlackFideId "462527"]
[EventDate "2024.07.27"]

1. e4 c5 2. Nf3 d6 3. d4 cxd4 4. Nxd4 Nf6 5. Nc3 g6 6. Be3 Nc6 7. f3 e5 8. Nb3
Be6 9. Nd5 Bxd5 10. exd5 Ne7 11. Bb5+ Nd7 12. O-O Bg7 13. Re1 O-O 14. Bf1 Re8
15. c4 Nf6 16. Nd2 b5 17. cxb5 Nfxd5 18. Bf2 Nf4 19. a4 Nf5 20. a5 Nd4 21. Nb3
Nfe6 22. Bc4 d5 23. Nxd4 exd4 24. Bf1 Qd6 25. Qd2 Be5 26. g3 Reb8 27. Rac1 Bg7
28. Rc6 Qd8 29. Rec1 Qd7 30. f4 Nd8 31. Rc7 Qd6 32. Qe1 Ne6 33. R7c6 Qf8 34. h4
Nd8 35. R6c5 Ne6 36. Rxd5 Rd8 37. Bg2 Rab8 38. b6 axb6 39. a6 Re8 40. Qf1 Qe7
41. Qc4 Ra8 42. f5 gxf5 43. Rxf5 Ra7 44. b4 Rc7 45. Bc6 Rec8 46. b5 Qa3 47. Re1
Qa5 48. Qd5 Re7 49. Qe4 Rcc7 50. Qb1 Ra7 51. Bd5 Qd2 52. Rd1 Qh6 53. Qb3 Nc5 54.
Qf3 Ne6 55. Be4 Nf8 56. Bd5 Ne6 57. Be4 Nf8 58. Rg5 Rad7 59. Bc6 Rd6 60. Rxd4
Rxd4 61. Bxd4 Ne6 62. Bxg7 Nxg5 63. Bxh6 1-0

[Event "110th ch-GBR 2024"]
[Site "Hull ENG"]
[Date "2024.07.29"]
[Round "3.18"]
[White "Willow, Jonah B"]
[Black "Hryshchenko, Kamila"]
[Result "1-0"]
[WhiteTitle "IM"]
[BlackTitle "WFM"]
[WhiteElo "2416"]
[BlackElo "2181"]
[WhiteFideId "438804"]
[BlackFideId "14147491"]
[EventDate "2024.07.27"]

1. e4 d6 2. d4 g6 3. Nc3 Bg7 4. Be3 a6 5. h4 h5 6. f3 Nf6 7. Nh3 Bxh3 8. Rxh3
Nbd7 9. a4 c6 10. a5 b5 11. axb6 Qxb6 12. Na4 Qc7 13. Qd2 O-O 14. Kf2 Rfb8 15.
Be2 e5 16. c4 Rb3 17. d5 Kh7 18. Bd1 Rb7 19. Rh1 a5 20. Bc2 Rb4 21. b3 Rc8 22.
dxc6 Qxc6 23. Rhd1 Bf8 24. Bg5 Be7 25. Nc3 Qb6+ 26. Qe3 Qb8 27. Kf1 Bd8 28. Qd2
Bb6 29. Qxd6 Bd4 30. Rxd4 exd4 31. Qxd4 Rc6 32. Nd5 Nxd5 33. Qxd5 Ne5 34. Bf4
Re6 35. Rxa5 Nxc4 36. Bxb8 Ne3+ 37. Kf2 Nxd5 38. exd5 Re8 39. Ba7 Ra8 40. Bb6
Rc8 41. Bc5 1-0

[Event "110th ch-GBR 2024"]
[Site "Hull ENG"]
[Date "2024.07.29"]
[Round "3.26"]
[White "Evans, Ruben"]
[Black "Lewis, Andrew P"]
[Result "1/2-1/2"]
[BlackTitle "FM"]
[WhiteElo "1954"]
[BlackElo "2272"]
[WhiteFideId "472018"]
[BlackFideId "400955"]
[EventDate "2024.07.27"]

1. d4 Nf6 2. c4 g6 3. Nc3 Bg7 4. e4 d6 5. Be2 O-O 6. Nf3 e5 7. O-O Nbd7 8. Be3
Re8 9. Qc2 c6 10. a3 exd4 11. Nxd4 a6 12. Rad1 Qe7 13. Bg5 Qe5 14. Nf3 Qe6 15.
Nd4 Qe5 16. Nf3 1/2-1/2

[Event "110th ch-GBR 2024"]
[Site "Hull ENG"]
[Date "2024.07.29"]
[Round "3.28"]
[White "Palliser, Richard J D"]
[Black "Larkin, Benjamin"]
[Result "1-0"]
[WhiteTitle "IM"]
[WhiteElo "2369"]
[BlackElo "1952"]
[WhiteFideId "407372"]
[BlackFideId "479977"]
[EventDate "2024.07.27"]

1. d4 Nf6 2. c4 g6 3. h4 Bg7 4. Nc3 d5 5. h5 Nxh5 6. cxd5 e6 7. g4 Nf6 8. dxe6
Bxe6 9. e4 Bxg4 10. f3 Bh5 11. Be3 O-O 12. Bc4 Nc6 13. Qd2 Qe7 14. e5 Qb4 15.
exf6 Bxf6 16. Nd5 Qxd2+ 17. Kxd2 Bxd4 18. Bxd4 Nxd4 19. Nf6+ Kg7 20. Nxh5+ gxh5
21. Rxh5 Rad8 22. Bd3 f5 23. f4 Ne6 24. Ne2 Nc5 25. Rg1+ Kh8 26. Rh3 Rd5 27. Kc2
Rfd8 28. Nc1 Ne6 29. Rf1 a5 30. Kb1 b5 31. Re3 Nc5 32. Bc2 a4 33. Re7 R8d7 34.
Rxd7 Nxd7 35. Ne2 Kg7 36. Ng3 Kf6 37. Rh1 Nf8 38. Rh6+ Ng6 39. Nh5+ 1-0

[Event "110th ch-GBR 2024"]
[Site "Hull ENG"]
[Date "2024.07.29"]
[Round "3.30"]
[White "Merriman, John"]
[Black "Mannion, Stephen R"]
[Result "1-0"]
[WhiteTitle "FM"]
[BlackTitle "IM"]
[WhiteElo "2251"]
[BlackElo "2139"]
[WhiteFideId "402362"]
[BlackFideId "2400111"]
[EventDate "2024.07.27"]

1. d4 d5 2. c4 dxc4 3. Nf3 Nf6 4. e3 e6 5. Bxc4 c5 6. Qe2 a6 7. dxc5 Bxc5 8. O-O
Nc6 9. e4 b5 10. e5 Nd5 11. Bb3 Qb6 12. Nc3 Nxc3 13. bxc3 Bb7 14. Bc2 h6 15. a4
b4 16. cxb4 Nxb4 17. a5 Qa7 18. Ba4+ Ke7 19. Ba3 Nd5 20. Qb2 Rab8 21. Rfc1 Ba8
22. Qd4 1-0

[Event "110th ch-GBR 2024"]
[Site "Hull ENG"]
[Date "2024.07.29"]
[Round "3.42"]
[White "Stubbs, Oliver"]
[Black "Sooraj, M R"]
[Result "1-0"]
[WhiteElo "2146"]
[BlackElo "1999"]
[WhiteFideId "441325"]
[BlackFideId "35014730"]
[EventDate "2024.07.27"]

1. d4 Nf6 2. Nf3 g6 3. Bf4 Bg7 4. e3 d6 5. h3 O-O 6. Be2 Nc6 7. c3 Nd7 8. O-O e5
9. Bh2 f5 10. b4 e4 11. Nfd2 Kh8 12. b5 Ne7 13. c4 c5 14. bxc6 Nc5 15. c7 Qd7
16. dxc5 Bxa1 17. cxd6 Nc6 18. Nb3 Be5 19. Nc5 Qg7 20. Bxe5 Nxe5 21. Qd5 Nd7 22.
Nxd7 Bxd7 23. Qxb7 Rae8 24. c5 f4 25. c6 Bc8 26. Qxa7 f3 27. Bc4 fxg2 28. Rd1
Qf6 29. Qd4 Re5 30. Rd2 Bxh3 31. d7 1-0

[Event "110th ch-GBR 2024"]
[Site "Hull ENG"]
[Date "2024.07.30"]
[Round "4.1"]
[White "Howell, David W L"]
[Black "Royal, Shreyas"]
[Result "0-1"]
[WhiteTitle "GM"]
[BlackTitle "IM"]
[WhiteElo "2675"]
[BlackElo "2487"]
[WhiteFideId "410608"]
[BlackFideId "448869"]
[EventDate "2024.07.27"]

1. e4 e5 2. Nf3 Nc6 3. Bc4 Bc5 4. c3 Nf6 5. d4 exd4 6. e5 d5 7. Bb5 Ne4 8. cxd4
Bb6 9. Nc3 O-O 10. Be3 Bg4 11. h3 Bh5 12. Qc2 Bg6 13. Qb3 Ne7 14. O-O c6 15. Bd3
Nf5 16. Qc2 Nxe3 17. fxe3 Ng3 18. Bxg6 hxg6 19. Rf2 Re8 20. a4 Rc8 21. Qb3 f6
22. Qc2 Nf5 23. g4 fxe5 24. gxf5 e4 25. Ne1 Qh4 26. Ne2 Qxh3 27. Qd2 Bc7 28.
fxg6 Re6 29. Nf4 Bxf4 30. Rxf4 Rxg6+ 31. Ng2 Rh6 32. Raf1 Qh2+ 33. Kf2 Rg6 34.
Rg1 Rf8 35. Rxf8+ Kxf8 36. Qb4+ Kg8 37. Kf1 Rf6+ 38. Nf4 Qh3+ 39. Ke2 Qf3+ 40.
Kd2 Rxf4 41. exf4 Qf2+ 42. Kc3 Qxg1 43. Qxb7 Qc1+ 44. Kb3 Qc4+ 45. Ka3 Qxd4 46.
Qxc6 Kf7 47. Qd7+ Kf6 48. Qd8+ Kf5 49. Qg5+ Ke6 50. Qg4+ Kd6 51. Qg6+ Kc5 52.
Qe8 Qb4+ 53. Ka2 Kc4 54. Qc6+ Kd4 55. Qd7 Qc4+ 56. b3 Qc2+ 57. Ka3 Qc5+ 58. Ka2
Kd3 59. Qxg7 e3 60. Qg1 Kd2 61. Qg5 e2 62. f5+ Qe3 63. Qg2 Kc1 64. f6 Qd2+ 65.
Ka3 Qb2+ 0-1

[Event "110th ch-GBR 2024"]
[Site "Hull ENG"]
[Date "2024.07.30"]
[Round "4.2"]
[White "Jones, Gawain C B"]
[Black "Wadsworth, Matthew J"]
[Result "1-0"]
[WhiteTitle "GM"]
[BlackTitle "IM"]
[WhiteElo "2640"]
[BlackElo "2456"]
[WhiteFideId "409561"]
[BlackFideId "415804"]
[EventDate "2024.07.27"]

1. Nf3 d5 2. g3 b6 3. Bg2 Bb7 4. O-O Nd7 5. d3 Ngf6 6. c4 e6 7. cxd5 Nxd5 8. e4
N5f6 9. Nc3 Be7 10. Bf4 O-O 11. Qc2 c5 12. Rfd1 Nh5 13. Be3 e5 14. a4 a6 15. Qb3
Nhf6 16. Bh3 Bd6 17. Nh4 Nb8 18. Nf5 g6 19. Nxd6 Qxd6 20. f4 Bc8 21. fxe5 Qxe5
22. d4 Qh5 23. Bxc8 Rxc8 24. Rf1 Nbd7 25. h4 cxd4 26. Bxd4 Nc5 27. Qa2 Qg4 28.
Be5 Nd3 29. Bd6 Rc6 30. Rxf6 Rxd6 31. Qxf7+ Kh8 32. Ne2 Rxf6 33. Qxf6+ Kg8 34.
Qc6 Rd8 35. Qxb6 Qc8 36. Rd1 Kg7 37. Nd4 Nc5 38. Qxd8 Qxd8 39. Nf5+ 1-0

[Event "110th ch-GBR 2024"]
[Site "Hull ENG"]
[Date "2024.07.30"]
[Round "4.4"]
[White "Conquest, Stuart C"]
[Black "Gasanov, Eldar"]
[Result "1-0"]
[WhiteTitle "GM"]
[BlackTitle "GM"]
[WhiteElo "2510"]
[BlackElo "2469"]
[WhiteFideId "400181"]
[BlackFideId "14104466"]
[EventDate "2024.07.27"]

1. e4 c5 2. Nf3 d6 3. d4 Nf6 4. Nc3 cxd4 5. Nxd4 a6 6. Be3 Ng4 7. Bc1 Nf6 8. f4
e5 9. Nf3 Nbd7 10. Bc4 Be7 11. O-O b5 12. Bb3 Bb7 13. fxe5 dxe5 14. Nh4 O-O 15.
Nf5 b4 16. Nd5 Nxd5 17. exd5 Bc5+ 18. Kh1 g6 19. Nh6+ Kg7 20. Nxf7 Rxf7 21. Bh6+
Kxh6 22. Rxf7 Bc8 23. Qd2+ g5 24. Raf1 e4 25. Qe2 Qe8 26. Ba4 Bd4 27. Qc4 1-0

[Event "110th ch-GBR 2024"]
[Site "Hull ENG"]
[Date "2024.07.30"]
[Round "4.5"]
[White "Wells, Peter K"]
[Black "Ghasi, Ameet K"]
[Result "0-1"]
[WhiteTitle "GM"]
[BlackTitle "IM"]
[WhiteElo "2364"]
[BlackElo "2495"]
[WhiteFideId "400327"]
[BlackFideId "409200"]
[EventDate "2024.07.27"]

1. e4 c6 2. d4 d5 3. e5 Bf5 4. h4 h5 5. Bd3 Bxd3 6. Qxd3 e6 7. Bg5 Qb6 8. Nd2 c5
9. c4 Qxb2 10. Rd1 Nc6 11. Ne2 Nb4 12. Qf3 Nc2+ 13. Kf1 Nxd4 14. Nxd4 Qxd4 15.
Qb3 Be7 16. cxd5 exd5 17. Qxb7 Rd8 18. Rh3 Rh6 19. Bxh6 Nxh6 20. Qb5+ Kf8 21.
Qe2 Ng4 22. Nf3 Qf4 23. e6 f6 24. Qc2 f5 25. Ng5 g6 26. Rhd3 c4 27. Qb2 Kg8 28.
Rxd5 0-1

[Event "110th ch-GBR 2024"]
[Site "Hull ENG"]
[Date "2024.07.30"]
[Round "4.6"]
[White "Bazakutsa, Svyatoslav"]
[Black "Derakhshani, Borna"]
[Result "1-0"]
[WhiteTitle "IM"]
[BlackTitle "FM"]
[WhiteElo "2490"]
[BlackElo "2351"]
[WhiteFideId "14198525"]
[BlackFideId "12518450"]
[EventDate "2024.07.27"]

1. d4 d5 2. c4 c6 3. cxd5 cxd5 4. Nc3 Nf6 5. Bf4 Nc6 6. e3 a6 7. Bd3 Bg4 8. Nge2
e6 9. O-O Bd6 10. Bg5 Bh5 11. f4 Be7 12. h3 Bxe2 13. Qxe2 h6 14. Bxf6 Bxf6 15.
Rad1 g6 16. g4 Qd6 17. Kg2 Bg7 18. Na4 h5 19. Nc5 hxg4 20. hxg4 Qc7 21. Rh1 Ke7
22. Bb1 a5 23. Rc1 Rxh1 24. Rxh1 Rh8 25. Rxh8 Bxh8 26. Qf2 b6 27. Na4 Bf6 28.
Nc3 Qc8 29. Qf1 Na7 30. Bc2 Kf8 31. Qe2 Bg7 32. f5 gxf5 33. gxf5 Qd8 34. Qg4 Qf6
35. fxe6 fxe6 36. Qg3 Nc8 37. Bd1 Bh6 38. Bg4 Ne7 39. Ne2 Kf7 40. Qh3 Ng8 41.
Nc3 Ke7 42. Qg3 Kf7 43. Nb5 Qg5 44. Nd6+ Ke7 45. Nc8+ Kf7 46. Kf2 b5 47. Nd6+
Ke7 48. Nxb5 Nf6 49. Qd6+ Kf7 50. Bxe6+ Kg6 51. Qe5 Ne4+ 52. Kf1 Ng3+ 53. Ke1
Qh4 54. Kd1 Qh2 55. Bf5+ Kg5 56. Bd3+ Kh4 57. Qe7+ Kh3 58. Qe6+ Kg2 59. Qxd5+
Kg1 60. Qf3 Qh4 61. Nc3 Nh1 62. Be4 Nf2+ 63. Kc2 Qh2 64. Kb3 Qb8+ 65. Bb7 Qg8+
66. Kc2 Qg6+ 67. Be4 1-0

[Event "110th ch-GBR 2024"]
[Site "Hull ENG"]
[Date "2024.07.30"]
[Round "4.7"]
[White "Salmons, Calum"]
[Black "McShane, Luke J"]
[Result "1/2-1/2"]
[BlackTitle "GM"]
[WhiteElo "1999"]
[BlackElo "2617"]
[WhiteFideId "437280"]
[BlackFideId "404853"]
[EventDate "2024.07.27"]

1. d4 Nf6 2. Bf4 b6 3. e3 Bb7 4. Nf3 e6 5. Nbd2 Be7 6. Bd3 Nh5 7. Bg3 d6 8. c3
Nd7 9. Be4 c6 10. a4 a6 11. Qc2 g6 12. b4 O-O 13. O-O Nxg3 14. hxg3 d5 15. Bd3
c5 16. Rab1 Qc7 17. Qb2 c4 18. Bc2 f5 19. Nh2 g5 20. g4 h5 21. gxh5 g4 22. g3
Nf6 23. Kg2 Kg7 24. h6+ Kxh6 25. Rh1 Kg7 26. f3 Rh8 27. Rbg1 gxf3+ 28. Ndxf3 Bd6
29. Kf2 Ne4+ 30. Bxe4 fxe4 31. Nh4 Raf8+ 32. Ke2 Bxg3 33. Ng4 Rxh4 34. Rxh4 Bxh4
35. Ne5+ Kh7 36. Rg2 Qe7 37. Qc1 Rf5 38. Qh1 Qf6 39. Ng4 Qe7 40. Ne5 Rh5 41. Rf2
Rf5 42. Rg2 1/2-1/2

[Event "110th ch-GBR 2024"]
[Site "Hull ENG"]
[Date "2024.07.30"]
[Round "4.8"]
[White "Eggleston, David J"]
[Black "Grieve, Harry"]
[Result "1/2-1/2"]
[WhiteTitle "IM"]
[BlackTitle "IM"]
[WhiteElo "2335"]
[BlackElo "2477"]
[WhiteFideId "412120"]
[BlackFideId "426520"]
[EventDate "2024.07.27"]

1. d4 d5 2. c4 e6 3. Nc3 a6 4. cxd5 exd5 5. Nf3 Nf6 6. Bg5 Be6 7. e3 Nbd7 8. Bd3
Bd6 9. O-O c6 10. Bf4 Qc7 11. Bxd6 Qxd6 12. h3 O-O 13. Rc1 Qe7 14. Re1 g6 15. a3
Nb6 16. Qd2 Rae8 17. e4 dxe4 18. Nxe4 Nxe4 19. Bxe4 Qd8 20. Qh6 Qf6 21. Ne5 Rd8
22. Rcd1 Nc4 23. Nf3 Bd5 24. Qc1 Nb6 25. Ne5 Bxe4 26. Rxe4 Nd5 27. Rde1 Qg7 28.
Nd3 Nf6 29. Re7 Rd7 30. Nc5 Rxe7 31. Rxe7 Nd5 32. Re5 f6 33. Rxd5 cxd5 34. Ne6
Qe7 35. Nxf8 1/2-1/2

[Event "110th ch-GBR 2024"]
[Site "Hull ENG"]
[Date "2024.07.30"]
[Round "4.9"]
[White "Balaji, Aaravamudhan"]
[Black "Williams, Simon K"]
[Result "1/2-1/2"]
[WhiteTitle "FM"]
[BlackTitle "GM"]
[WhiteElo "2316"]
[BlackElo "2450"]
[WhiteFideId "436224"]
[BlackFideId "404454"]
[EventDate "2024.07.27"]

1. d4 e6 2. c4 f5 3. g3 Nf6 4. Bg2 d5 5. Bf4 Be7 6. Nf3 O-O 7. O-O c6 8. Qc2 Nh5
9. Be5 Nd7 10. Nc3 Nxe5 11. Nxe5 Nf6 12. c5 Nd7 13. Nxd7 Qxd7 14. f4 b6 15. b4
Ba6 16. Rfb1 Bc4 17. e3 g5 18. Nd1 gxf4 19. gxf4 a5 20. a3 b5 21. Nb2 axb4 22.
axb4 Ba2 23. Rc1 Ra7 24. Na4 Bc4 25. Nb6 Qb7 26. Qb2 Rxa1 27. Rxa1 Bd8 28. Qa3
Bxb6 29. cxb6 Qxb6 30. Qa7 Qxa7 31. Rxa7 Rf7 32. Ra8+ Kg7 33. Bf3 Kf6 34. Kf2
Bd3 35. Ra6 Rc7 36. Bh5 Ke7 37. Ra8 Be4 38. Re8+ Kf6 39. Rf8+ Kg7 40. Ra8 1/2-1/2

[Event "110th ch-GBR 2024"]
[Site "Hull ENG"]
[Date "2024.07.30"]
[Round "4.10"]
[White "Merry, Alan B"]
[Black "Golding, Alex"]
[Result "0-1"]
[WhiteTitle "IM"]
[BlackTitle "FM"]
[WhiteElo "2423"]
[BlackElo "2296"]
[WhiteFideId "418811"]
[BlackFideId "427241"]
[EventDate "2024.07.27"]

1. d4 Nf6 2. c4 e6 3. g3 Bb4+ 4. Bd2 Be7 5. Bg2 d5 6. Nf3 O-O 7. O-O Nbd7 8. Qc2
c6 9. Rd1 Ne4 10. Bf4 g5 11. Bc1 f5 12. Nc3 g4 13. Ne1 Qe8 14. Bf4 Ndf6 15. Bh6
Rf7 16. Nd3 Bf8 17. Bxf8 Rxf8 18. b4 Bd7 19. Ne5 Qh5 20. e3 Rfc8 21. Ne2 Qe8 22.
Rdb1 Qe7 23. a4 Be8 24. Rb2 h5 25. Nf4 h4 26. Neg6 Bxg6 27. Nxg6 Qf7 28. Nxh4
Kg7 29. Rc1 Nd6 30. Bf1 Nh7 31. Qd1 a5 32. h3 gxh3 33. c5 Ne4 34. Bxh3 axb4 35.
Rxb4 Nhg5 36. Bg2 Rh8 37. Rc2 Ra7 38. Rcb2 Qc7 39. Qe1 Nf6 40. Nf3 Nxf3+ 41.
Bxf3 Kg6 42. Bg2 Qh7 43. Qe2 Qh2+ 44. Kf1 Rha8 45. Qc2 Qh5 46. Ra2 Ne4 47. Ke1
Qh2 48. Kf1 Ng5 49. g4 Nh3 50. gxf5+ exf5 51. Bxh3 Qxh3+ 52. Ke2 Rh8 53. Ra1
Qg4+ 54. Kd2 Kf6 55. Kc3 f4 56. Re1 Rh3 57. Kb2 fxe3 58. Rxe3 Rxe3 59. fxe3 Qf3
60. Qc3 Qd1 61. Ka3 Kf5 62. Rb3 Ke6 63. Qb2 Qf1 64. Qc2 Qa1+ 0-1

[Event "110th ch-GBR 2024"]
[Site "Hull ENG"]
[Date "2024.07.30"]
[Round "4.11"]
[White "Yao, Lan"]
[Black "Willow, Jonah B"]
[Result "1/2-1/2"]
[WhiteTitle "WGM"]
[BlackTitle "IM"]
[WhiteElo "2325"]
[BlackElo "2416"]
[WhiteFideId "8610835"]
[BlackFideId "438804"]
[EventDate "2024.07.27"]

1. e4 e6 2. d4 d5 3. e5 c5 4. c3 Nc6 5. Nf3 Bd7 6. a3 c4 7. Be2 f6 8. Bf4 Qb6 9.
Qc2 O-O-O 10. Nbd2 Na5 11. h4 Ne7 12. h5 Be8 13. Rb1 h6 14. Qc1 g5 15. exf6 gxf4
16. fxe7 Bxe7 17. Ne5 Nc6 18. Ndf3 Rf8 19. Qc2 Rf5 20. Nxc6 Qxc6 21. Ne5 Qc7 22.
Bg4 Rf6 23. Qh7 Bd6 24. Qxc7+ Kxc7 25. Kd2 Bxe5 26. dxe5 Rf7 27. Bxe6 Rg7 28.
Rh4 Re7 29. Bf5 Rxe5 30. Rxf4 Bxh5 31. Rh1 Rde8 32. g4 R8e7 33. Bc2 Be8 34. Bd1
R5e6 35. Rd4 Bf7 36. f4 Rb6 37. Kc1 Re3 38. Rd2 Rf6 39. f5 Bg8 40. Rdh2 d4 41.
cxd4 c3 42. Rc2 Rc6 43. Rxc3 Rexc3+ 44. bxc3 Rxc3+ 45. Kd2 Rxa3 46. Rxh6 Bc4 47.
Bc2 Rg3 48. Rh7+ Kd6 49. Rxb7 Rxg4 50. Kc3 Bf1 51. f6 Rg3+ 52. Kb4 Rf3 53. f7
a5+ 54. Kxa5 Bc4 55. Bg6 Rf4 56. Kb4 Bxf7 57. Bxf7 Rxd4+ 58. Kc3 Rh4 59. Bc4 Rh1
60. Rb5 Rc1+ 61. Kd4 Rd1+ 62. Bd3 Kc6 63. Rh5 Kd6 64. Rh6+ Kd7 65. Ke4 Kc7 66.
Bc4 Rd6 67. Rh5 Rg6 68. Kd4 Kd6 69. Bd3 Rg1 70. Rh6+ Ke7 71. Ke5 Re1+ 72. Be4
Re2 73. Rh7+ Ke8 74. Kd5 Kf8 75. Ra7 Re1 76. Bf5 Re7 77. Ra1 Kf7 78. Rf1 Ra7 79.
Be6+ Kg6 80. Ke5 Ra5+ 81. Bd5 Kg5 82. Rb1 Kh5 83. Rg1 Rb5 84. Ke4 Kh6 85. Rg2
Ra5 86. Be6 Rg5 87. Bg4 Kg6 88. Kf4 Ra5 89. Bf5+ Kf6 90. Rg6+ 1/2-1/2

[Event "110th ch-GBR 2024"]
[Site "Hull ENG"]
[Date "2024.07.30"]
[Round "4.12"]
[White "Pert, Richard G"]
[Black "Pein, Malcolm"]
[Result "1/2-1/2"]
[WhiteTitle "IM"]
[BlackTitle "IM"]
[WhiteElo "2415"]
[BlackElo "2274"]
[WhiteFideId "404748"]
[BlackFideId "400289"]
[EventDate "2024.07.27"]

1. d4 Nf6 2. c4 g6 3. Nc3 d5 4. cxd5 Nxd5 5. e4 Nxc3 6. bxc3 Bg7 7. Bc4 c5 8.
Ne2 Nc6 9. Be3 O-O 10. O-O Qc7 11. Rc1 Rd8 12. Bf4 Qd7 13. dxc5 Qe8 14. Bd5 Bd7
15. Qd3 e6 16. Bb3 Na5 17. Bd6 b6 18. Qe3 Ba4 19. Rb1 Bxb3 20. axb3 Nb7 21. Bc7
Rdc8 22. cxb6 Qc6 23. c4 Nc5 24. b4 Nxe4 25. c5 axb6 26. cxb6 Nf6 27. b5 Qb7 28.
Qf3 Nd5 29. Nf4 Bd4 30. Nxd5 exd5 31. Rbd1 Bxb6 32. Be5 Qe7 33. Rxd5 Ra2 34. Bd4
Bxd4 35. Rxd4 Rcc2 36. g3 Rab2 37. Rd5 Kg7 38. h4 h5 39. Qf4 Qf6 40. Qxf6+ Kxf6
41. Kg2 1/2-1/2

[Event "110th ch-GBR 2024"]
[Site "Hull ENG"]
[Date "2024.07.30"]
[Round "4.13"]
[White "Richardson, John R"]
[Black "Lutsko, Artem"]
[Result "1/2-1/2"]
[WhiteTitle "FM"]
[BlackTitle "IM"]
[WhiteElo "2299"]
[BlackElo "2414"]
[WhiteFideId "401617"]
[BlackFideId "14188767"]
[EventDate "2024.07.27"]

1. d4 Nf6 2. c4 e6 3. Nc3 Bb4 4. e3 O-O 5. Ne2 d5 6. a3 Be7 7. Ng3 c5 8. cxd5
cxd4 9. exd4 Nxd5 10. Bd3 Nc6 11. Bc2 Nxc3 12. bxc3 Bd7 13. Qd3 g6 14. h4 f5 15.
h5 g5 16. Bb3 Na5 17. Ba2 Kh8 18. O-O Qe8 19. Re1 f4 20. Nf1 Bf6 21. h6 Qh5 22.
Bxe6 Rae8 23. Qf5 Rxe6 24. Rxe6 Bxe6 25. Qxe6 Qxh6 26. Rb1 Qg6 27. Rb5 b6 28.
Rf5 Kg7 29. Rd5 Rf7 30. g3 Nb3 31. Bb2 h5 32. Rd6 Na5 33. Bc1 Nb7 34. Rd7 Nd8
35. Qd5 Qb1 36. Rxd8 Bxd8 37. Qxd8 Qxc1 38. Qxg5+ Kf8 39. Qd8+ Kg7 40. Qg5+ Kf8
41. Qd8+ Kg7 1/2-1/2

[Event "110th ch-GBR 2024"]
[Site "Hull ENG"]
[Date "2024.07.30"]
[Round "4.17"]
[White "Shafi, Declan"]
[Black "Motwani, Paul"]
[Result "0-1"]
[BlackTitle "GM"]
[WhiteElo "2222"]
[BlackElo "2414"]
[WhiteFideId "2405156"]
[BlackFideId "2400022"]
[EventDate "2024.07.27"]

1. c4 e5 2. Nc3 Nf6 3. Nf3 Nc6 4. e4 Bb4 5. d3 d6 6. Be2 Bg4 7. O-O Bc5 8. Nd2
Qd7 9. Nb3 Bxe2 10. Nxe2 h5 11. Bg5 h4 12. Bxf6 gxf6 13. d4 exd4 14. Nexd4 Ne5
15. Nxc5 dxc5 16. Nf5 O-O-O 17. Qxd7+ Rxd7 18. Ne3 h3 19. f4 hxg2 20. Rfd1 Nd3
21. Nd5 Nxb2 22. Rdc1 f5 23. e5 Nxc4 24. Rxc4 Rxd5 25. Rac1 b6 26. R1c2 Rg8 27.
Rc1 Kd7 28. R4c2 Rd4 29. Rf2 Rg4 30. h3 Rg3 31. Rxg2 Rxh3 32. Rf1 Rh4 33. Rg8
Rg4+ 34. Rxg4 fxg4 35. f5 Re4 36. e6+ fxe6 37. f6 Ke8 0-1

[Event "110th ch-GBR 2024"]
[Site "Hull ENG"]
[Date "2024.07.30"]
[Round "4.18"]
[White "Pang, Ethan"]
[Black "Palliser, Richard J D"]
[Result "0-1"]
[WhiteTitle "CM"]
[BlackTitle "IM"]
[WhiteElo "2212"]
[BlackElo "2369"]
[WhiteFideId "496995"]
[BlackFideId "407372"]
[EventDate "2024.07.27"]

1. e4 c5 2. Nf3 d6 3. Nc3 Nf6 4. e5 dxe5 5. Nxe5 Nbd7 6. d4 e6 7. Be3 cxd4 8.
Bxd4 Qc7 9. Bb5 a6 10. Nxd7 Bxd7 11. Bxd7+ Qxd7 12. O-O Be7 13. Be3 Qc6 14. Qd4
b5 15. Qb6 Qxb6 16. Bxb6 Rc8 17. Rac1 Rc4 18. Ne2 Nd5 19. Bd4 Bg5 20. b3 Nf4 21.
Nxf4 Rxd4 22. Ne2 Rd2 23. Nc3 f5 24. a4 b4 25. Na2 a5 26. Rfd1 Re2 27. Re1 Rxe1+
28. Rxe1 Ke7 29. g3 Rc8 30. Re2 Kd6 31. f4 Bf6 32. Nc1 h6 33. Rd2+ Kc5 34. Kf2
g5 35. Ke2 gxf4 36. Nd3+ Kd6 37. gxf4 Ke7 38. Kf3 Bd4 39. Rg2 Kf6 40. h3 Rc7 41.
Re2 Rc8 42. Rg2 Rc7 43. Re2 h5 44. Kg2 Rg7+ 45. Kh2 h4 46. Re1 Rg3 47. Re2 Bg1+
48. Kh1 Bb6 49. Kh2 Bc7 50. Re1 Bd6 51. Re2 Ke7 52. Re1 Kd7 53. Re2 Rg8 54. Rd2
Kc6 55. Rd1 Rg3 56. Re1 Kd5 57. Re2 Bc7 58. Re1 Rg8 59. Rd1 Kc6 60. Re1 Re8 61.
Rd1 Rc8 62. Kg2 Bd6 63. Rd2 Rg8+ 64. Kh2 Rg3 65. Rd1 Re3 66. Rd2 Re4 67. Rf2 Bc5
68. Rg2 Be3 69. Rg6 Kd5 70. Kg2 Bxf4 71. Kf3 Bd6 72. Rg5 Kd4 73. Rg8 Re3+ 74.
Kf2 Bg3+ 75. Kf1 e5 76. Rc8 e4 77. Nb2 Re1+ 78. Kg2 f4 79. Rd8+ Ke5 80. Nc4+ Kf6
81. Nd2 f3+ 82. Nxf3 Re2+ 83. Kf1 exf3 84. Rf8+ Ke5 85. Rxf3 Rxc2 86. Kg1 Rc3 0-1

[Event "110th ch-GBR 2024"]
[Site "Hull ENG"]
[Date "2024.07.30"]
[Round "4.28"]
[White "Pein, Jonathan"]
[Black "Evans, Ruben"]
[Result "1-0"]
[WhiteTitle "FM"]
[WhiteElo "2279"]
[BlackElo "1954"]
[WhiteFideId "417092"]
[BlackFideId "472018"]
[EventDate "2024.07.27"]

1. e4 e6 2. d4 d5 3. Nc3 Nf6 4. e5 Nfd7 5. Qg4 c5 6. Nb5 g6 7. Nf3 a6 8. Nd6+
Bxd6 9. exd6 cxd4 10. h4 Nf6 11. Qxd4 Nc6 12. Qc3 Rg8 13. Bd3 Qa5 14. Bd2 Qxc3
15. Bxc3 Nh5 16. O-O-O b5 17. a3 Bb7 18. Rhe1 h6 19. Bd2 Rh8 20. g4 Ng7 21. h5
g5 22. Bc3 Kf8 23. Bf6 Rg8 24. d7 Rb8 25. Nxg5 hxg5 26. h6 Ne7 27. Bh7 Bc6 28.
Bxg8 Kxg8 29. Bxe7 Bxd7 30. hxg7 Kxg7 31. Bxg5 f6 32. Bf4 e5 33. Rxe5 1-0